000 03293nam a2200457 a 4500
003 CHAP
005 20241121114750.0
007 cr || |||a|c|a
008 110112s2010 mx r 00010 spa d
035 _a111885
040 _cCHAP
090 _aTesis
100 1 _aOrozco Ávila, Armando.
_983692
245 1 0 _aDescripción antropogénica actual en tres comunidades y estimación poblacional de codorniz escamosa (Callipepla squamata Vigors), de la Reserva de la Biosfera de Mapimí
_c/por Armando Orozco Ávila; director de tesis Gonzalo Hernández Ibarra.
260 _cx
264 _aBermejillo, Dgo. :
_bEl autor,
_cEl autor.
300 _a1 recurso en línea (71 páginas):
_bcuadros, figuras.
336 _2rdacontent
_atexto
_btxt
337 _2rdamedia
_acomputadora
_bc
338 _2rdacarrier
_arecursos en línea
_bcr
502 _bISP
_cURUZA
_d2010.
_gLIC
520 _aEl presente trabajo se enfocó a estimar la población de Codorniz Escamosa (Callipepla squamata Vigors) en la Reserva de la Biosfera de Mapimí en los años 2009 y 2010; así como la disponibilidad de la gente de la reserva a la conservación, reproducción y aprovechamiento de la codorniz. La reserva cuenta con 342,388 ha de las cuales 28,532 ha pertenecen a la zona núcleo y 313,855 ha a la zona de amortiguamiento. La Codorniz Escamosa es una especie común para los habitantes de la región de la Reserva de la Biosfera de Mapimí, más no es una especie usualmente aprovechada; las encuestas realizadas mostraron un panorama real sobre la interacción de los pobladores con la codorniz. Se realizaron 10 transectos en tres ejidos de la reserva (La Flor, Granja Morelos y Estación Carrillo), de 5 km de largo por 50 m de ancho, con un resultado de 0.073 codornices ha-1. La abundancia no es alta debido a los disturbios (Climáticos, ecológicos y por los asentamientos humanos) en la zona amortiguamiento. La población encuestada (70 entrevistados) conoce bien la Codorniz Escamosa; sin embargo, no hay un aprovechamiento de la codorniz de manera integral, todos coinciden en que solo es aprovechada la fauna de la región en situaciones difíciles, por economía o climáticas. La cantidad de pobladores que han consumido la codorniz, es sumamente inferior a lo esperado en este estudio. La presente investigación proporcionara bases para estudios posteriores, por el acercamiento a la gente en el tema relacionado con la codorniz.
590 _aALEPH
_b10
_c20130110
590 _aBATCH-UPD
_b10
_c20130110
590 _aBATCH-UPD
_b10
_c20130410
590 _aBATCH-UPD
_b10
_c20130914
590 _aBATCH-UPD
_b10
_c20140324
590 _aBATCH-UPD
_b10
_c20141002
590 _aCONVERSION
_b10
_c20130109
650 1 4 _aAves
_xRazas.
_98623
650 1 4 _aCodorniz
_xAprovechamiento.
_924303
650 1 4 _aReserva de la Biósfera de Mapimí, Dgo.
_996093
700 1 _aHernández Ibarra, Gonzalo
_954178
_eDirector de tesis.
856 _uhttp://10.13.5.2/tesis/111885.pdf
_zDESCARGAR PDF
901 _aBK
942 _cTD
_2Clasificación Universidad Autónoma Chapingo
949 _aTesis
_bBC
_cTES
_d33724002225363
_eTS2
_fc.2
_gDonaciØn
_h51724
_i111885
_sb
949 _aTesis
_bBC
_cTES
_d33724002225405
_eTS1
_gDonaciØn
_h51723
_i111885
_sb
999 _c100226
_d100226